000 00855nam a2200241Ia 4500
003 OSt
005 20220923221734.0
006 a|||||r|||| 00| 0
007 ta
008 220922b |||||||| |||| 00| 0 hin d
024 _a199,689
037 _cTextual
040 _aARTS
_cARTS
_bhin
041 _2hin
_ahin
082 _aQ2:6, 152L9;N1
100 _aमिश्र, विधानिवास
245 0 _aहिन्दू धर्म जीवन में सनातन की खोज संस्क2
246 _aHindū dharma jīvan mean sanātan kī khoj sanska2
260 _aनई दिल्ली
_b राधाकृष्ण प्रकाशन
_c1991
300 _a174पृ.
_ccm.
942 _hQ2:6, 152L9;N1
_cTEXL
_2CC
999 _c351428
_d351428